Startformationen der Champions-League-Sieger 2010 - 2019 - Statistiken

Allgemein
  • Dieses Quiz wurde 1.671 mal gespielt
  • Das Durchschnittsergebnis liegt bei 97 aus 120
Antwortstatistiken
Jahr: Verein Position Nationalität Spieler % Korrekt
2014: Real Madrid | 2016: Real Madrid | 2017: Real Madrid | 2018: Real Madrid ST POR Cristiano Ronaldo
98%
2011: FC Barcelona | 2015: FC Barcelona ST ARG Lionel Messi
98%
2013: FC Bayern München TW GER Manuel Neuer
97%
2016: Real Madrid | 2017: Real Madrid | 2018: Real Madrid MF GER Toni Kroos
97%
2013: FC Bayern München V AUT David Alaba
96%
2014: Real Madrid | 2016: Real Madrid | 2017: Real Madrid | 2018: Real Madrid ST FRA Karim Benzema
96%
2014: Real Madrid | 2016: Real Madrid | 2017: Real Madrid | 2018: Real Madrid MF CRO Luka Modrić
96%
2019: FC Liverpool ST EGY Mohamed Salah
96%
2013: FC Bayern München MF NED Arjen Robben
95%
2013: FC Bayern München MF FRA Franck Ribéry
95%
2014: Real Madrid | 2016: Real Madrid ST WAL Gareth Bale
95%
2019: FC Liverpool Trainer GER Jürgen Klopp
95%
2015: FC Barcelona TW GER Marc-André ter Stegen
95%
2019: FC Liverpool ST SEN Sadio Mané
95%
2014: Real Madrid | 2016: Real Madrid | 2017: Real Madrid | 2018: Real Madrid V ESP Sergio Ramos
95%
2019: FC Liverpool TW BRA Alisson
94%
2015: FC Barcelona ST URU Luis Suárez
94%
2015: FC Barcelona ST BRA Neymar
94%
2013: FC Bayern München V GER Philipp Lahm
94%
2019: FC Liverpool V NED Virgil van Dijk
94%
2016: Real Madrid | 2017: Real Madrid | 2018: Real Madrid Trainer FRA Zinédine Zidane
94%
2011: FC Barcelona | 2015: FC Barcelona MF ESP Andrés Iniesta
92%
2014: Real Madrid TW ESP Iker Casillas
92%
2013: FC Bayern München V GER Jérôme Boateng
92%
2019: FC Liverpool ST BRA Roberto Firmino
92%
2013: FC Bayern München MF GER Thomas Müller
92%
2011: FC Barcelona MF ESP Xavi
92%
2016: Real Madrid | 2017: Real Madrid | 2018: Real Madrid TW CRI Keylor Navas
91%
2013: FC Bayern München ST CRO Mario Mandžukić
91%
2019: FC Liverpool V ENG Trent Alexander-Arnold
91%
2016: Real Madrid | 2017: Real Madrid | 2018: Real Madrid MF BRA Casemiro
90%
2016: Real Madrid | 2017: Real Madrid | 2018: Real Madrid V BRA Marcelo
90%
2013: FC Bayern München MF GER Bastian Schweinsteiger
89%
2014: Real Madrid Trainer ITA Carlo Ancelotti
89%
2011: FC Barcelona | 2015: FC Barcelona V ESP Gerard Piqué
89%
2015: FC Barcelona MF CRO Ivan Rakitić
89%
2016: Real Madrid V POR Pepe
89%
2014: Real Madrid | 2017: Real Madrid | 2018: Real Madrid V FRA Raphaël Varane
89%
2019: FC Liverpool V SCO Andrew Robertson
88%
2014: Real Madrid | 2016: Real Madrid | 2017: Real Madrid | 2018: Real Madrid V ESP Dani Carvajal
88%
2013: FC Bayern München V BRA Dante
88%
2012: FC Chelsea ST CIV Didier Drogba
88%
2013: FC Bayern München Trainer GER Jupp Heynckes
87%
2012: FC Chelsea TW CZE Petr Čech
86%
2011: FC Barcelona | 2015: FC Barcelona MF ESP Sergio Busquets
86%
2019: FC Liverpool MF ENG Jordan Henderson
85%
2011: FC Barcelona | 2015: FC Barcelona V BRA Dani Alves
84%
2013: FC Bayern München MF ESP Javi Martínez
84%
2019: FC Liverpool V CMR Joel Matip
83%
2014: Real Madrid MF GER Sami Khedira
82%
2011: FC Barcelona Trainer ESP Pep Guardiola
81%
2011: FC Barcelona | 2015: FC Barcelona V ARG Javier Mascherano
80%
2019: FC Liverpool MF NED Georginio Wijnaldum
78%
2010: Inter Mailand Trainer POR José Mourinho
78%
2019: FC Liverpool MF BRA Fabinho
77%
2015: FC Barcelona V ESP Jordi Alba
77%
2011: FC Barcelona TW ESP Victor Valdés
77%
2010: Inter Mailand ST CMR Samuel Eto'o
74%
2011: FC Barcelona ST ESP David Villa
73%
2012: FC Chelsea MF ENG Frank Lampard
73%
2015: FC Barcelona Trainer ESP Luis Enrique
69%
2010: Inter Mailand ST ARG Diego Milito
64%
2010: Inter Mailand MF NED Wesley Sneijder
63%
2011: FC Barcelona ST ESP Pedro
62%
2014: Real Madrid MF ARG Ángel di María
61%
2014: Real Madrid V POR Fábio Coentrão
60%
2017: Real Madrid | 2018: Real Madrid ST ESP Isco
60%
2010: Inter Mailand TW BRA Júlio César
60%
2012: FC Chelsea V BRA David Luiz
57%
2011: FC Barcelona V FRA Éric Abidal
53%
2010: Inter Mailand V BRA Lúcio
50%
2012: FC Chelsea V ENG Ashley Cole
49%
2010: Inter Mailand ST MKD Goran Pandev
47%
2010: Inter Mailand MF ARG Javier Zanetti
47%
2012: FC Chelsea Trainer ITA Roberto di Matteo
45%
2012: FC Chelsea MF ESP Juan Mata
42%
2012: FC Chelsea MF NGA John Obi Mikel
41%
2010: Inter Mailand V BRA Maicon
38%
2012: FC Chelsea MF CIV Salomon Kalou
38%
2012: FC Chelsea V ENG Gary Cahill
35%
2010: Inter Mailand MF ARG Esteban Cambiasso
31%
2010: Inter Mailand V ARG Walter Samuel
25%
2012: FC Chelsea V POR José Bosingwa
22%
2010: Inter Mailand V ROU Christian Chivu
20%
2012: FC Chelsea MF ENG Ryan Bertrand
10%
Keine übereinstimmenden Quizze gefunden
Verteilung der Resultate
Anzahl Personen mit jedem Resultat
Perzentil nach korrekt beantworteten Fragen
Ihre Resultats-Entwicklung
Sie haben dieses Quiz noch nicht gespielt